Le joueur le plus cher de tous les temps par pays - UEFA - Statistiques

Statistiques générales
  • Ce quiz a été pris 80 fois
  • Le résultat moyen est 20 sur 55
Statistiques - réponses
Pays Valeur Année de la valeur Joueur % Correct
Norvège 200 000 000 2024 Erling Haaland
99%
France 200 000 000 2018 Kylian Mbappe
99%
Portugal 120 000 000 2014 Cristiano Ronaldo
95%
Espagne 200 000 000 2025 Lamine Yamal
93%
Belgique 150 000 000 2018 Kevin de Bruyne
88%
Angleterre 180 000 000 2023 Jude Bellingham
85%
Pays de Galles 90 000 000 2016 Gareth Bâle
82%
Pologne 90 000 000 2018 Robert Lewandowski
82%
Pays-Bas 100 000 000 2019 Virgil Van Dijk
78%
Géorgie 90 000 000 2025 Khvicha Kvaratskhelia
77%
Suède 140 000 000 2025 Alexander Isak
73%
Allemagne 140 000 000 2024 Florian Wirtz
72%
Turquie 90 000 000 2025 Arda Guler
66%
Danemark 100 000 000 2019 Christian Eriksen
65%
Slovénie 100 000 000 2019 Jan Oblak
65%
Autriche 65 000 000 2019 David Alaba
62%
Hongrie 100 000 000 2026 Dominik Szoboszlai
59%
Croatie 80 000 000 2023 Joško Gvardiol
55%
Bosnie-Herzégovine 70 000 000 2018 Miralem Pjanic
53%
Suisse 50 000 000 2018 Granit Xhaka
51%
Serbie 90 000 000 2018 Sergej Milinkovic-Savic
49%
Écosse 80 000 000 2019 Andrew Robertson
46%
Italie 80 000 000 2024 Nicolo Barella
45%
Arménie 37 000 000 2016 Henrikh Mkhitaryan
43%
Ukraine 60 000 000 2023 Mykhaïlo Mudryk
42%
Russie 30 000 000 2018 Aleksandr Golovin
41%
République Tchèque 50 000 000 2022 Patrik Schick
41%
Bulgarie 34 500 000 2009 Dimitar Berbatov
39%
Monténégro 40 000 000 2018 Stefan Savic
35%
Slovaquie 65 000 000 2021 Milan Skriniar
32%
Islande 35 000 000 2019 Gylfi Sigurðsson
20%
Grèce 45 000 000 2018 Kostas Manolas
20%
Irlande 65 000 000 2023 Evan Ferguson
16%
Albanie 30 000 000 2022 Armando Broja
11%
Roumanie 25 000 000 2008 Adrian Mutu
9%
Macédoine du Nord 26 000 000 2023 Eljif Elmas
9%
Kosovo 35 000 000 2019 Milot Rashica
9%
Biélorussie 19 000 000 2008 Aliaksandr Hleb
8%
Irlande du Nord 30 000 000 2025 Conor Bradley
8%
Azerbaïdjan 2 500 000 2014 Denis Yılmaz
4%
Israël 25 000 000 2024 Oscar Gloukh
4%
Andorre 800 000 2023 Iker Álvarez
3%
Estonie 4 000 000 2016 Ragnar Klavan
3%
Saint Marin 300 000 2006 Andy Selva
1%
Luxembourg 17 000 000 2024 Leandro Barreiro
1%
Îles Féroé 2 500 000 2026 Andrias Edmundsson
0%
Kazakhstan 6 500 000 2023 Baktiyar Zaynutdinov
0%
Gibraltar 4 000 000 2004 Danny Higginbotham
0%
Lettonie 8 000 000 2025 Dennis Cirkin
0%
Chypre 6 500 000 2015 Fabiano
0%
Lituanie 6 000 000 2025 Gvidas Gineitis
0%
Malte 8 000 000 2021 Irvin Cardona
0%
Liechtenstein 2 000 000 2016 Marcel Buchel
0%
Moldavie 5 000 000 2023 Oleg Reabciuk
0%
Finlande 20 000 000 2015 Roman Eremenko
0%
Aucun quiz correspondant
Distribution des résultats
% des personnes avec chaque résultat
Percentile par nombre de réponses
Votre historique - résultats
Vous n’avez pas pris ce quiz